000 01164nam a22002537a 4500
005 20170124102936.0
010 _a092928
020 _c04.00
035 _a092928
037 _bCen Lib/Ret
040 _aDPL
_bHN
082 _a824
_bशर्मारा
100 _aशर्मा, रामविलास
_9103175
245 _aस्वाधीनता और राष्ट्रीय साहित्य :
_cरामविलास शर्मा
_bनिबंध-संग्रह /
246 _aSwadheenta aur rashtriye sahitye : nibandh sangreh /
_bby Ramvilas Sharma
260 _bहिंदी प्रचारक पुस्तकालय
_aबनारस
_c1956
270 _bबनारस
_aपी.बी.न.- 70, ज्ञानवापी
300 _a166पृ.
_c20सेमी (सजिल्द)
650 _aहिन्दी -- साहित्य
_9103176
650 _a हिन्दी --निबंध संग्रह
_9103177
650 _aHindi - literature
_9103178
650 _aHindi - essay collection
_946584
942 _2ddc
_cHN
_h824
_mशर्मारा
999 _c112260
_d112260